Standard method of measurement of building works, authorised by agreement between the RICS and the National Federation of Building Trades Employers (Record no. 89203)

MARC details
000 -LEADER
fixed length control field 00621cam a2200205 4500
001 - CONTROL NUMBER
control field D16231
008 - FIXED-LENGTH DATA ELEMENTS--GENERAL INFORMATION
fixed length control field 090401t1964 xxu||||| |||| 00| 0 eng d
035 ## - SYSTEM CONTROL NUMBER
System control number (Sirsi) u28090
041 ## - LANGUAGE CODE
Language code of text/sound track or separate title eng
050 ## - LIBRARY OF CONGRESS CALL NUMBER
Classification number 692.3
110 ## - MAIN ENTRY--CORPORATE NAME
Corporate name or jurisdiction name as entry element Royal Institution of Chartered Surveyors
9 (RLIN) 4900
245 ## - TITLE STATEMENT
Title Standard method of measurement of building works, authorised by agreement between the RICS and the National Federation of Building Trades Employers
250 ## - EDITION STATEMENT
Edition statement 5th
260 ## - PUBLICATION, DISTRIBUTION, ETC.
Place of publication, distribution, etc. London
Name of publisher, distributor, etc. RICS/NFBTE
Date of publication, distribution, etc. 1964
300 ## - PHYSICAL DESCRIPTION
Extent x. 109p. 30cm
350 ## - PRICE (NR) (BK AM CF MU VM SE) [OBSOLETE]
Price 0
520 ## - SUMMARY, ETC.
Summary, etc. Filed at SMM 1964/2BDEF
942 ## - ADDED ENTRY ELEMENTS (KOHA)
Suppress in OPAC 0
948 ## - LOCAL PROCESSING INFORMATION (OCLC); SERIES PART DESIGNATOR (RLIN)
c (OCLC) 04/03/1997
Holdings
Withdrawn status Lost status Source of classification or shelving scheme Damaged status Not for loan Home library Current library Shelving location Date acquired Total Checkouts Full call number Barcode Date last seen Copy number Price effective from Koha item type
    Other/Generic Classification Scheme     London London Basement 04/10/1991   SMM 1964/2 - BASEMENT 30024161 06/08/2019 1 06/08/2019 Book
    Other/Generic Classification Scheme     London London Basement 09/01/1992   SMM 1964/2 - BASEMENT 30032128 06/08/2019 1 06/08/2019 Book
    Other/Generic Classification Scheme     London London Basement 14/09/1999   SMM 1964/2 - BASEMENT 30032132 06/08/2019 1 06/08/2019 Book
    Other/Generic Classification Scheme     London London Basement 09/01/1992   SMM 1964/2 - BASEMENT 30032136 06/08/2019 1 06/08/2019 Reference material
    Other/Generic Classification Scheme     London London Basement 09/01/1992   SMM 1964/2 - BASEMENT 30032140 06/08/2019 1 06/08/2019 Book